000 01777nam a22002897a 4500
001 7714
003 FISKH
005 20250801091143.0
008 250801b cb ||||| |||| 00| 0 eng d
020 _a9780545685306
040 _aFISKH
_beng
_cFISKH
_dFISKH
050 _aNC975.S39 A2
082 _a 741.6
100 _aSay, Allen
_d(1937-)
245 _aDrawing from memory /
_cAllen Say
250 _aThis edition first published in 2011
260 _aNew York :
_bScholastic,
_c2011
300 _a62 pages :
_bcolor illustrations ;
_c27 cm
505 _aN
520 _aCaldecott Medalist Allen Say presents a stunning graphic novel chronicling his journey as an artist during WWII, when he apprenticed under Noro Shinpei, Japan's premier cartoonist. Drawing from memory is Allen Say's own story of his path to becoming the renowned artist he is today. Shunned by his father, who didn't understand his son's artistic leanings, Allen was embraced by Noro Shinpei, Japan's leading cartoonist and the man he came to love as his "spiritual father." As WWII raged, Allen was further inspired to consider questions of his own heritage and the motivations of those around him. He worked hard in rigorous drawing classes, studied, trained--and ultimately came to understand who he really is. Part memoir, part graphic novel, part narrative history, DRAWING FROM MEMORY presents a complex look at the real-life relationship between a mentor and his student. With watercolor paintings, original cartoons, vintage photographs, and maps, Allen Say has created a book that will inspire the artist in all of us
521 8 _a560
_bLexile
521 8 _aN
_bRaz-Plus
650 _2Drawing
_aJapan
650 _2Memoir
_aAllen Say
942 _2ddc
_cBK
_n0
999 _c7714
_d7714